| 000 | 00404pam a2200181a 44500 | ||
|---|---|---|---|
| 008 | 230405s2010 xxu||||| |||| 00| 0 eng d | ||
| 041 | _aENG | ||
| 100 | _aA Silbereschatz | ||
| 245 | _aDatabase System Concepts | ||
| 250 | _a6 | ||
| 260 |
_a _bMcGraw Hill _c2010 |
||
| 300 | _a1349p,24cms | ||
| 440 | _a569 | ||
| 690 | _aMCA | ||
| 700 | _aS Sudarshan | ||
| 700 | _aHenry F Korth | ||
| 906 | _a6687 | ||
| 999 |
_c259546 _d259546 |
||